| 000 | 00446nam a2200205Ia 4500 | ||
|---|---|---|---|
| 001 | 14311 | ||
| 003 | GE_BSU | ||
| 008 | 181216s||||||||xx |||||||||||||| ||und|| | ||
| 020 | _a0751502162 | ||
| 040 | _cGE_BSU | ||
| 080 | _a821.111-3 | ||
| 100 | _aPeters,Ellis | ||
| 245 | 4 | _aThe virgin in the ice | |
| 260 | _aLondon | ||
| 260 | _bWarner futura | ||
| 260 | _c1982 | ||
| 300 | _a271p.18cm. | ||
| 653 | _aThe virgin in the ice | ||
| 942 | _cBK | ||
| 999 |
_c47449 _d47449 |
||